000 00750cam a22002291 4500
001 sa 65003179
003 DLC
005 20260227112121.0
008 810924m19641969ii a 100 0 eng
010 _asa 65003179
035 _a(OCoLC)7787006
040 _aDLC
_cNcGrE
_dNcGrE
_dDLC
042 _apremarc
043 _aa-ii---
050 0 0 _aHD7051
_b.A58
110 1 _aIndia.
_bCommittee on Distribution of Income and Levels of Living.
245 0 0 _aReport.
260 _a[New Delhi]
_bGovt. of India, Planning Commission,
_c1964-1969.
300 _a2 v.
_c28 cm.
505 0 _apt. 1. Distribution of income and wealth and concentration of economic power.--pt. 2. Changes in levels of living.
650 0 _aCost and standard of living
_zIndia.
999 _c63022
_d63022